Integration, agglomeration and the political economics of factor mobility

Guardado en:
Detalles Bibliográficos
Autor principal: Ottaviano, Gianmarco I.P
Otros Autores: Thisse, Jacques-Francois
Formato: Libro
Lenguaje:inglés
Publicado: San Domenico (FI) European University Institute 1999
Colección:EUI Working paper ECO No. 99/27
Materias:
Etiquetas: Agregar Etiqueta
Sin Etiquetas, Sea el primero en etiquetar este registro!

MARC

LEADER 00000nam a2200000 4500
001 c133039
005 20221108123831.1
041 0 |a eng 
044 |a IT 
245 1 0 |a Integration, agglomeration and the political economics of factor mobility  |c Gianmarco I.P. Ottaviano and Jacques-Francois Thisse 
264 1 |a San Domenico (FI)  |b European University Institute  |c 1999 
300 |a 30 s. 
490 1 |a EUI Working paper ECO  |v No. 99/27 
830 0 |a EUI Working paper ECO  |v No. 99/27 
610 2 0 |a integrácia 
610 2 0 |a aglomerácie sídelné 
610 2 0 |a regióny 
610 2 0 |a sily pracovné 
610 2 0 |a produkcia 
610 2 0 |a politika hospodárska 
610 2 0 |a ekonómia politická 
610 2 0 |a modely 
610 2 0 |a modelovanie ekonometrické 
100 1 |a Ottaviano, Gianmarco I.P. 
700 1 |a Thisse, Jacques-Francois